Normal view
MARC view
- Gergen, Kenneth J.,
Entry Nombre Personal
001 - NUMERO DE CONTROL
- campo de control: 42650
003 - IDENTIFICADOR DE NUMERO DE CONTROL
- campo de control: UPN
005 - FECHA Y HORA DE LA ÜLTIMA TRANSACCIÓN
- campo de control: 20210219194622.0
008 - DATOS DE LONGITUD FIJA
- campo de control de longitud fija: nabaccnnaabn|||||||||| b |nc|||||d
035 ## - NUMERO DE CONTROL
- Número de control: UPN11000014757
040 ## - FUENTE DE CATALOGACIÓN
- Lenguaje de catalogación: SPA
- Agencia de transcripción: UPN
100 1# - ENCABEZAMIENTO - NOMBRE PERSONAL
- Nombre personal: Gergen, Kenneth J.,
- Fechas asociadas con el nombre: 1935-
670 ## - FUENTE EN LA QUE SE LOCALIZARON DATOS
- Cita de la fuente: T
- Uniform Resource Identifier: https://es.wikipedia.org/wiki/Kenneth_J._Gergen
680 ## - NOTA PUBLICA DE ACCESO PÚBLICO
- Frase explicativa de la referencia: Picólogo estadounidense y profesor en Swarthmore College
902 ## - CATALOGADOR
- Catalogador: BDV/280519
